A Manual for writers of term papers, theses and dissertations / (Record no. 2188)
[ view plain ]
| 000 -LEADER | |
|---|---|
| fixed length control field | 01041cam a22002892 4500 |
| 001 - CONTROL NUMBER | |
| control field | 0000003616 |
| 005 - DATE AND TIME OF LATEST TRANSACTION | |
| control field | 20151217145738.0 |
| 008 - FIXED-LENGTH DATA ELEMENTS--GENERAL INFORMATION | |
| fixed length control field | 070510s xx 000 0 eng d |
| 020 ## - INTERNATIONAL STANDARD BOOK NUMBER | |
| International Standard Book Number | 0226816273 : |
| Terms of availability | KES 1,680 |
| 040 ## - CATALOGING SOURCE | |
| Original cataloging agency | KABU |
| Transcribing agency | KABU |
| 050 #0 - LIBRARY OF CONGRESS CALL NUMBER | |
| Classification number | LB2369 |
| Item number | .T8 1996 |
| 100 1# - MAIN ENTRY--PERSONAL NAME | |
| Personal name | Turabian, Kate L. |
| -- | 0000077282 |
| 245 12 - TITLE STATEMENT | |
| Title | A Manual for writers of term papers, theses and dissertations / |
| Statement of responsibility, etc. | Kate L. Turabian; revised by John Grossman and Alice Bennett. |
| 250 ## - EDITION STATEMENT | |
| Edition statement | 6th ed. |
| 260 ## - PUBLICATION, DISTRIBUTION, ETC. (IMPRINT) | |
| Place of publication, distribution, etc. | Chicago : |
| Name of publisher, distributor, etc. | The University of Chicago Press, |
| Date of publication, distribution, etc. | 1996. |
| 300 ## - PHYSICAL DESCRIPTION | |
| Extent | ix, 308 p. |
| 650 #0 - SUBJECT ADDED ENTRY--TOPICAL TERM | |
| Topical term or geographic name as entry element | Dissertations, Academic. |
| -- | 0000151328 |
| 650 #0 - SUBJECT ADDED ENTRY--TOPICAL TERM | |
| Topical term or geographic name as entry element | Report writing. |
| -- | 0000152055 |
| 700 1# - ADDED ENTRY--PERSONAL NAME | |
| Personal name | Grossman, John. |
| -- | 0000153651 |
| 700 1# - ADDED ENTRY--PERSONAL NAME | |
| Personal name | Bennett, Alice. |
| -- | 0000153652 |
| 908 ## - PUT COMMAND PARAMETER (RLIN) | |
| Put command parameter | 070510 |
| 950 ## - LOCAL HOLDINGS (RLIN) | |
| -- | 1 |
| Withdrawn status | Lost status | Source of classification or shelving scheme | Not for loan | Home library | Current library | Date acquired | Total Checkouts | Full call number | Barcode | Date last seen | Price effective from | Koha item type |
|---|---|---|---|---|---|---|---|---|---|---|---|---|
| Library of Congress Classification | Kabarak, Main Campus | Kabarak, Main Campus | 17/12/2015 | LB2369 .T8 1996 | 010238 | 17/12/2015 | 17/12/2015 | General Collection | ||||
| Library of Congress Classification | Kabarak, Main Campus | Kabarak, Main Campus | 17/12/2015 | LB2369 .T8 1996 | 009705 | 17/12/2015 | 17/12/2015 | General Collection | ||||
| Library of Congress Classification | Kabarak, Main Campus | Kabarak, Main Campus | 17/12/2015 | LB2369 .T8 1996 | 010239 | 17/12/2015 | 17/12/2015 | General Collection | ||||
| Library of Congress Classification | Kabarak, Main Campus | Kabarak, Main Campus | 17/12/2015 | LB2369 .T8 1996 | 010665 | 17/12/2015 | 17/12/2015 | General Collection |